Rumo ao Oeste (Registo nº 2668)

Detalhes MARC
000 -Etiqueta do registo
Cabeçalho 00874nam a22002891 4500
005 - Identificador da versão
Campo de controlo 20240813121941.0
095 ## -
-- PTBN00397458
010 ## - Número internacional normalizado dos livros (ISBN)
Número (ISBN) 972260046X
100 ## - Dados gerais de processamento
Dados gerais de processamento 19921015d1990 da y0pory5003 ba
102 ## - Pais de publicação ou produção
País de publicação Portugal
101 1# - Língua de publicação
Língua do texto, banda sonora, etc. Português
Língua do documento no original Francês
106 ## - Campo de dados codificados: material textual
Dados codificados do material textual r
105 ## - Campo de dados codificados: livros
Dados codificados dos livros a z 000yy
215 ## - Descrição física 
Indicação específica da natureza do documento e extensão da espécie [38] p.
Outras indicações físicas il.
Dimensões 19 cm
200 1# - Titulo e menção de responsabilidade
Título próprio Rumo ao Oeste
Informação de outro título cow-boys e pioneiros
Primeira menção de responsabilidade escrito por Martine Courtault
Outras menções de responsabilidade il. Donald Grant
-- trad. Joaquim Leite
225 2# - Colecção 
Título próprio da colecção Descobrir
210 ## - Publicação, Distribuição, etc. 
Lugar da edição, distribuição, etc. [Porto]
Nome do editor, distribuidor, etc. Civilização/Círculo de Leitores
Data da publicação, distribuição, etc. cop. 1990
606 ## - Nome comum usado como assunto
Número de registo de entrada de autoridade 0001516
Palavra de ordem História universal
Subdivisão de assunto Povos
-- Cowboys
Subdivisão geográfica Oeste
675 ## - Classificação Decimal Universal (CDU)
Notação 93
Edição
Língua da edição por
702 #1 - Nome de autor-pessoa física (responsabilidade secundária)
Número de registo de entrada de autoridade 0001508
Palavra de ordem Grant
Outra parte do nome não tomada para palavra de ordem Donald
Código de função Ilustrador / Técnico de desenho computorizado
Número de registo de entrada de autoridade 0001509
Palavra de ordem Leite
Outra parte do nome não tomada para palavra de ordem Joaquim
Código de função Tradutor
700 #1 - Nome de autor-pessoa física (responsabilidade principal)
Número de registo de entrada de autoridade 0001517
Palavra de ordem Courtault
Outra parte do nome não tomada para palavra de ordem Martine
942 ## - Elementos de entrada adicionados (Koha)
Tipo de item no Koha Livro
Exemplares
Situação do levantamento Origin of item (home branch) (coded) Biblioteca de empréstimo Código de barras Cota Circulation type (not for loan) Tipo de documento Nota do exemplar Damaged status
  Biblioteca Escolar da Coca Maravilhas Biblioteca Escolar da Coca Maravilhas BECM1471/92 9UNI DES   Livro Sem mensagem  
  Biblioteca Escolar da Coca Maravilhas Biblioteca Escolar da Coca Maravilhas BECM3843/98 9UNI DES   Livro Sem mensagem